[Event "Hessen-ch Gr-D"]
[Site "Idstein"]
[Date "2009.04.11"]
[Round "3"]
[White "Will, Patrick"]
[Black "Doll, Christoph"]
[Result "1/2-1/2"]
[WhiteElo "1929"]
[BlackElo "1603"]
[PlyCount "70"]
[EventDate "2009.04.10"]
[EventType "swiss"]
[EventRounds "5"]
[EventCountry "GER"]
[SourceTitle "EXT 2010"]
[Source "ChessBase"]
[SourceDate "2010.11.25"]
[SourceVersion "1"]
[SourceVersionDate "2010.11.25"]
[SourceQuality "1"]

1. Nf3 d5 2. c4 d4 3. d3 c5 4. g3 Nc6 5. Bg2 Nf6 6. 0-0 e5 7. e3 Be7 8. exd4 exd4 9. Re1 0-0 10. Na3 Bg4 11. Nc2 a5 12. Bg5 h6 13. Bd2 Nd7 14. Qb1 Bxf3 15. Bxf3 Nde5 16. Be2 Re8 17. f4 Nd7 18. Bf3 Qb6 19. Na3 Na7 20. Qc2 Qc7 21. Re2 Bd6 22. Rae1 Rxe2 23. Rxe2 Rb8 24. Qa4 b6 25. Nb5 Nxb5 26. Qxb5 Nf6 27. a4 Rc8 28. Kg2 g6 29. Qb3 Kg7 30. Qd1 Qd7 31. b3 h5 32. Qf1 Rh8 33. h3 Qc7 34. Qc1 Qd7 35. Qf1 Qc7 1/2-1/2

[Event "Hessen-ch Gr-D"]
[Site "Idstein"]
[Date "2009.04.10"]
[Round "2"]
[White "Doll, Christoph"]
[Black "Riha, Peter"]
[Result "1-0"]
[WhiteElo "1603"]
[BlackElo "1815"]
[PlyCount "123"]
[EventDate "2009.04.10"]
[EventType "swiss"]
[EventRounds "5"]
[EventCountry "GER"]
[SourceTitle "EXT 2010"]
[Source "ChessBase"]
[SourceDate "2010.11.25"]
[SourceVersion "1"]
[SourceVersionDate "2010.11.25"]
[SourceQuality "1"]

1. d4 Nf6 2. Bf4 g6 3. c4 c6 4. Nc3 d5 5. e3 Bg7 6. Nf3 0-0 7. cxd5 cxd5 8. Bd3 Nc6 9. 0-0 Nh5 10. Bg3 Nxg3 11. hxg3 Bg4 12. Qb3 Na5 13. Qxd5 Qc7 14. Qg5 Bd7 15. Nd5 Qd8 16. Qxe7 Be6 17. Qxd8 Rfxd8 18. Nc3 Nc6 19. Ng5 Bd7 20. a3 h6 21. Nf3 Be6 22. Rfd1 a6 23. b4 b5 24. Ne4 Bd5 25. Nc5 f5 26. Nh4 Kf7 27. Rac1 Ra7 28. Nf3 Ke7 29. Nd2 Kf7 30. Nb1 Kg8 31. Nc3 Bf7 32. Be2 Ne7 33. Bf3 Bc4 34. Rd2 a5 35. Be2 axb4 36. Bxc4+ bxc4 37. axb4 Nc6 38. Nb5 Raa8 39. Ne6 Rdb8 40. Nbc7 Ra4 41. Rxc4 Ra1+ 42. Kh2 Rxb4 43. Rxc6 Rbb1 44. g4 fxg4 45. Nxg7 h5 46. Nxh5 gxh5 47. Kg3 Rh1 48. Kf4 Rag1 49. g3 h4 50. gxh4 Rxh4 51. Kg5 Rgh1 52. Rg6+ Kh7 53. Ne8 Rh5+ 54. Kf6 Ra1 55. d5 Ra8 56. Rg7+ Kh8 57. Re7 Rh2 58. Kg6 g3 59. fxg3 Rxd2 60. Rh7+ Kg8 61. Nf6+ Kf8 62. Rh8+ 1-0

[Event "Hessen-ch U14"]
[Site "Bad Homburg"]
[Date "2005.??.??"]
[Round "2"]
[White "Doll, Christoph"]
[Black "Fink, Leander"]
[Result "0-1"]
[WhiteElo "1008"]
[BlackElo "1923"]
[PlyCount "51"]
[EventDate "2005.04.??"]
[EventType "swiss"]
[EventRounds "8"]
[EventCountry "GER"]
[SourceTitle "EXT 2007"]
[Source "ChessBase"]
[SourceDate "2006.11.23"]
[SourceVersion "1"]
[SourceVersionDate "2006.11.23"]
[SourceQuality "1"]

1. d4 Nf6 2. c4 d6 3. Nc3 Nbd7 4. Nf3 g6 5. e4 e5 6. Bg5 Bg7 7. dxe5 dxe5 8. Nd5 0-0 9. Qd2 Nxe4 10. Bxd8 Nxd2 11. Nxd2 Rxd8 12. Ne7+ Kf8 13. Nxc8 Raxc8 14. Ne4 f5 15. Nc3 c6 16. 0-0-0 Nc5 17. g3 e4 18. Rxd8+ Rxd8 19. Bg2 Bxc3 20. bxc3 Nd3+ 21. Kc2 Nxf2 22. Rf1 Ng4 23. Re1 Nxh2 24. Re2 Ng4 25. Bh3 Nf6 26. Rd2 0-1

[Event "Hessen-ch U14"]
[Site "Bad Homburg"]
[Date "2005.??.??"]
[Round "7"]
[White "Fuehrer, Tobias"]
[Black "Doll, Christoph"]
[Result "1/2-1/2"]
[WhiteElo "1219"]
[BlackElo "1008"]
[PlyCount "57"]
[EventDate "2005.04.??"]
[EventType "swiss"]
[EventRounds "8"]
[EventCountry "GER"]
[SourceTitle "EXT 2007"]
[Source "ChessBase"]
[SourceDate "2006.11.23"]
[SourceVersion "1"]
[SourceVersionDate "2006.11.23"]
[SourceQuality "1"]

1. e4 c5 2. Nf3 Nc6 3. d4 e6 4. Nc3 Nge7 5. dxc5 Qa5 6. Be3 g6 7. a3 Bg7 8. Nd4 Qxc5 9. Nxe6 Bxc3+ 10. bxc3 Qxc3+ 11. Bd2 Qe5 12. Nf4 Qxe4+ 13. Be3 d5 14. Bd3 Qe5 15. 0-0 Bf5 16. Bxf5 Nxf5 17. Qxd5 Nxe3 18. Qxe5+ Nxe5 19. fxe3 0-0 20. Nd3 Rfe8 21. Rab1 Rab8 22. Kf2 Ng4+ 23. Kg3 Nxe3 24. Rf2 Nf5+ 25. Kf4 Ng7 26. g3 f5 27. Nc5 Ne6+ 28. Nxe6 Rxe6 29. Rd2 1/2-1/2